[Event "V Open RGCC 2019"]
[Site "Gijon"]
[Date "2019.07.25"]
[Round "5.2"]
[White "Valenzuela Gomez, Fernando"]
[Black "Grigoryan, Karen H."]
[Result "1/2-1/2"]
[WhiteElo "2394"]
[BlackElo "2549"]
[Annotator "TA"]
[PlyCount "84"]
[EventDate "2019.07.22"]
[EventType "swiss"]
[EventCountry "ESP"]
[SourceTitle "playchess.com"]
[Source "ChessBase"]
[SourceQuality "1"]

{[%evp 17,84,29,31,22,43,35,44,38,50,10,18,0,41,-17,0,-14,-20,-33,-31,-68,-44,-39,-35,-55,6,19,11,0,0,3,260,271,263,262,243,248,254,233,261,230,233,233,233,233,233,233,225,125,134,62,62,51,50,45,45,45,45,45,45,45,45,45,49,49,49,49,49,0,45]} 1. d4 d6 2. e4 Nf6 3. Nc3 g6 4. Nf3 Bg7 5. Be2 O-O 6. O-O c6 7. a4 Qc7 8. a5 e5 9. dxe5 dxe5 10. Bc4 {B08: Pirc Defence: Classical System} (10. Be3 Nh5 11. Nd2 Nf4 12. Nc4 Rd8 13. Qc1 Na6 14. Rd1 Nxe2+ 15. Nxe2 Be6 16. b3 Rxd1+ 17. Qxd1 Bf8 {0-1 (34) Pliester,L (2392)-Gharamian,T (2676) Belgium 2011}) 10... Nbd7 11. Be3 Ng4 12. Bd2 $146 {White is slightly better.} ({Predecessor:} 12. Bg5 Nc5 13. Nd2 h6 14. Bh4 Nf6 15. Qb1 Ne6 16. Rd1 Nh5 17. Nf1 {0-1 (43) Estrada Nieto,J (2222)-Peralta,F (2559) Caleta 2018}) 12... Nc5 13. Qc1 Nf6 14. Re1 Bg4 (14... Be6 $5 {[%cal Re6c4]} 15. Bf1 Bg4 $11) 15. Nh4 (15. Ng5 $1 $14) 15... Rfd8 16. h3 Be6 17. Bxe6 Nxe6 18. Bh6 Nd4 19. Bxg7 Kxg7 20. Nf5+ Nxf5 (20... Kg8 $15) 21. exf5 $11 Rd4 22. Qe3 Re8 23. Ne2 Nd5 $2 {[%mdl 8192] [#]} (23... Rc4 $11) 24. f6+ $1 $18 {[%mdl 512]} Kg8 (24... Nxf6 25. Nxd4) 25. Qh6 {[%csl Gf6][%cal Rh6g7]} Nxf6 26. Nxd4 exd4 27. Rxe8+ Nxe8 {[%mdl 4096] Endgame KQR-KQN} 28. Qd2 c5 29. c3 dxc3 30. Qxc3 ({Don't take} 30. bxc3 $6 Kg7) 30... Ng7 31. b4 Ne6 32. b5 ({Better is} 32. bxc5 $18 {Black must now prevent a6.} Qxc5 33. Qxc5 Nxc5 34. Rb1) 32... Nd4 $16 {[#] And now ...Ne2+ would win.} 33. Qc4 (33. Re1 $16) 33... Qe5 $14 34. Rd1 b6 35. axb6 axb6 36. Qd3 Kg7 37. Kh1 h5 38. Rc1 Qf4 39. Rf1 h4 40. Qc3 Kh7 41. Qc4 Kh6 42. Qd3 Kg7 {Accuracy: White = 50%, Black = 52%.} 1/2-1/2

[Event "V Open RGCC 2019"]
[Site "Gijon"]
[Date "2019.07.25"]
[Round "5.3"]
[White "Tejedor Fuente, Enrique"]
[Black "Ortiz Suarez, Isan Reynaldo"]
[Result "0-1"]
[WhiteElo "2442"]
[BlackElo "2533"]
[Annotator "TA"]
[PlyCount "28"]
[EventDate "2019.07.22"]
[EventType "swiss"]
[EventCountry "ESP"]
[SourceTitle "playchess.com"]
[Source "ChessBase"]
[SourceQuality "1"]

{[%evp 9,66,8,18,0,7,9,11,-8,0,-23,0,-25,-18,-21,-17,-33,-27,-37,-41,-49,-54,-97,-64,-63,-73,-289,-295,-308,-320,-456,-462,-731,-725,-735,-737,-715,-664,-776,-776,-784,-769,-912,-910,-960,-935,-986,-980,-1075,-1037,-29990,-966,-1587,-1594,-2022,-1970,-1850,-1862,-1758,-1673]} 1. e4 c5 2. Nf3 d6 3. Bb5+ Nd7 4. O-O a6 5. Bxd7+ Bxd7 6. c4 {B51: Sicilian: Moscow Variation (3 Bb5+) without 3...Bd7} (6. d4 cxd4 7. Qxd4 e5 8. Qd3 h6 9. a4 Nf6 10. a5 Be7 11. c4 b5 12. axb6 Qxb6 13. Nc3 O-O 14. Be3 Qb7 15. h3 Rfc8 16. Nd2 Be6 17. Rfb1 a5 18. b3 Ra6 19. Ra2 Bd7 20. Rba1 {½-½ (20) Wang,H (2730)-Nepomniachtchi,I (2763) St Petersburg 2018}) 6... Nf6 7. Nc3 g6 8. b3 $146 {The position is equal.} ({Predecessor:} 8. d4 cxd4 9. Nxd4 Bg7 10. b3 Qa5 11. Bb2 O-O 12. Re1 Rfe8 13. a3 Rac8 {0-1 (41) Kuderinov,K (2452)-Artemiev,V (2659) Moscow 2015}) 8... Bg7 9. Re1 b5 10. Bb2 bxc4 11. bxc4 Rb8 $36 {[%mdl 2048] Black is more active.} 12. Rb1 O-O 13. e5 Nh5 14. Ne4 d5 {Played: Bd7-f5} 0-1

[Event "V Open RGCC 2019"]
[Site "Gijon"]
[Date "2019.07.25"]
[Round "5.4"]
[White "Martinez Duany, Lelys Stanley"]
[Black "Cori T., Deysi"]
[Result "1-0"]
[WhiteElo "2535"]
[BlackElo "2405"]
[Annotator "ChessBase"]
[PlyCount "55"]
[EventDate "2019.07.22"]
[EventType "swiss"]
[EventCountry "ESP"]
[SourceTitle "playchess.com"]
[Source "ChessBase"]
[SourceQuality "1"]
[TimeControl "5400+30"]

1. e4 c5 2. Nf3 e6 3. Nc3 a6 4. d4 cxd4 5. Nxd4 Nc6 6. f4 Qc7 7. Nxc6 Qxc6 8. Be2 Bc5 9. Bf3 d6 10. Qd3 Qb6 11. Rf1 Bd7 12. Bd2 Ne7 13. O-O-O Bd4 14. Rfe1 e5 15. Be3 Nc6 16. Kb1 Rc8 17. Bxd4 Nxd4 18. Nd5 Qa5 19. c3 Bb5 20. Qd2 Bc4 21. b4 Nxf3 22. gxf3 Qd8 23. Ne3 Bb5 24. Nf5 O-O 25. fxe5 dxe5 26. Qg2 Bd3+ 27. Kb2 g6 28. Re3 1-0

[Event "V Open RGCC 2019"]
[Site "Gijon"]
[Date "2019.07.25"]
[Round "5.5"]
[White "Rios, Cristhian Camilo"]
[Black "Domingo Nunez, Ruben"]
[Result "0-1"]
[WhiteElo "2520"]
[BlackElo "2318"]
[Annotator "ChessBase"]
[PlyCount "82"]
[EventDate "2019.07.22"]
[EventType "swiss"]
[EventCountry "ESP"]
[SourceTitle "playchess.com"]
[Source "ChessBase"]
[SourceQuality "1"]
[TimeControl "5400+30"]

1. d4 Nf6 2. c4 e6 3. Nf3 b6 4. a3 Bb7 5. Nc3 d5 6. cxd5 Nxd5 7. Qc2 Be7 8. e4 Nxc3 9. bxc3 O-O 10. Bd3 c5 11. O-O Qc7 12. Qe2 Nd7 13. a4 Rfd8 14. Bd2 Rac8 15. Rfc1 Nf8 16. a5 c4 17. axb6 axb6 18. Bc2 b5 19. Rab1 Bc6 20. Ne5 Be8 21. f4 Ra8 22. Rf1 Ra2 23. Be3 Qa5 24. Qd2 Ra3 25. Rf3 Qxc3 26. Qf2 Ra2 27. Rc1 Ba3 28. Bd2 Qxd4 29. Be3 Ra1 30. Rf1 Qb2 31. Qe2 Rxf1+ 32. Rxf1 Be7 33. Ng4 Ra8 34. Bc1 Qc3 35. e5 Bc5+ 36. Kh1 Ng6 37. f5 exf5 38. Bxf5 Ra1 39. Qd1 Ba3 40. Qd8 Qxc1 41. Qxe8+ Bf8 0-1

[Event "V Open RGCC 2019"]
[Site "Gijon"]
[Date "2019.07.25"]
[Round "5.6"]
[White "Del Rio De Angelis, Salvador G."]
[Black "Moral Garcia, Serafin"]
[Result "1-0"]
[WhiteElo "2464"]
[BlackElo "2283"]
[Annotator "ChessBase"]
[PlyCount "129"]
[EventDate "2019.07.22"]
[EventType "swiss"]
[EventCountry "ESP"]
[SourceTitle "playchess.com"]
[Source "ChessBase"]
[SourceQuality "1"]
[TimeControl "5400+30"]

1. d4 Nf6 2. c4 g6 3. Nc3 Bg7 4. e4 d6 5. h3 O-O 6. Be3 e5 7. d5 a5 8. c5 Ne8 9. g4 Na6 10. cxd6 Nxd6 11. Nf3 f5 12. gxf5 gxf5 13. Rg1 f4 14. Bd2 Kh8 15. Qc2 Nc5 16. O-O-O Bf6 17. Nh2 b6 18. Ng4 Qe7 19. f3 Bd7 20. Be1 Bxg4 21. hxg4 Bh4 22. Rh1 Bxe1 23. Rxe1 Rf6 24. Nb5 Rg8 25. b3 Nxb5 26. Bxb5 Nb7 27. Rh5 Nd6 28. Be2 Nf7 29. Kb1 Ng5 30. Rc1 Rg7 31. Qb2 Rgg6 32. Qc3 Rg7 33. Rc2 Rd6 34. Rh1 Qf6 35. Rhc1 Re7 36. Qe1 Qg7 37. Rc4 c5 38. dxc6 Rc7 39. Rd1 Qf6 40. Rd5 Rcxc6 41. Rxc6 Rxc6 42. Qd1 Nf7 43. Bc4 Nd6 44. Qd3 Kg7 45. Bb5 Nxb5 46. Qxb5 Re6 47. Rd7+ Kg6 48. Qd5 h6 49. Kb2 Kg5 50. Qd1 Kg6 51. Qd5 Kg5 52. Rd8 Qe7 53. a3 Rg6 54. Qd1 Kf6 55. Rd5 Qc7 56. Qh1 Kg7 57. Qh5 Re6 58. g5 hxg5 59. Rd2 Rg6 60. Qg4 Rd6 61. Qxg5+ Rg6 62. Qf5 Kh6 63. Qh3+ Kg5 64. Rg2+ Kf6 65. Qf5+ 1-0

[Event "V Open RGCC 2019"]
[Site "Gijon"]
[Date "2019.07.25"]
[Round "5.7"]
[White "Campora, Daniel H."]
[Black "Forgas Moreno, Yaniela"]
[Result "1-0"]
[WhiteElo "2420"]
[BlackElo "2272"]
[Annotator "NA"]
[PlyCount "115"]
[EventDate "2019.07.22"]
[EventType "swiss"]
[EventCountry "ESP"]
[SourceTitle "playchess.com"]
[Source "ChessBase"]
[SourceQuality "1"]
[TimeControl "5400+30"]

1. e4 c5 2. Nf3 d6 3. d4 cxd4 4. Nxd4 Nf6 5. Bd3 e5 6. Ne2 d5 7. exd5 Qxd5 8. O-O Be7 9. Nbc3 Qa5 10. Ng3 O-O 11. Nf5 Bxf5 12. Bxf5 Nc6 13. Bg5 Rad8 14. Qe1 Nd4 15. Bd3 Kh8 16. Ne4 Qxe1 17. Rfxe1 Nd5 18. c3 Nc6 19. Rad1 Bxg5 20. Nxg5 h6 21. Nf3 Rfe8 22. g3 Nf6 23. Bb5 Rxd1 24. Rxd1 e4 25. Nh4 Rc8 26. Nf5 Ne5 27. Be2 a6 28. Rd6 Kh7 29. h3 Rc6 30. Rxc6 Nxc6 31. Nd6 Nd8 32. Bc4 Kg8 33. b4 Kf8 34. a4 g6 35. a5 Ke7 36. Nc8+ Kd7 37. Nb6+ Kd6 38. Kf1 h5 39. Ke2 Ke5 40. Ke3 g5 41. Bb3 Ne6 42. Nc4+ Kd5 43. Nd2+ Ke5 44. f3 h4 45. fxe4 Ne8 46. Nf3+ Kf6 47. e5+ Kg6 48. gxh4 gxh4 49. Nxh4+ Kh5 50. Nf5 Ng5 51. h4 Ne6 52. Ke4 N8c7 53. Bd1+ Kg6 54. Nd6 Nd8 55. Bg4 f6 56. Bf5+ Kg7 57. Bc8 fxe5 58. Kxe5 1-0

[Event "V Open RGCC 2019"]
[Site "Gijon"]
[Date "2019.07.26"]
[Round "6.1"]
[White "Ortiz Suarez, Isan Reynaldo"]
[Black "Quispe Arteaga, Gabriel"]
[Result "1/2-1/2"]
[WhiteElo "2533"]
[BlackElo "2382"]
[Annotator "TA"]
[PlyCount "176"]
[EventDate "2019.07.22"]
[EventType "swiss"]
[EventCountry "ESP"]
[SourceTitle "playchess.com"]
[Source "ChessBase"]
[SourceQuality "1"]

{[%evp 12,176,45,21,11,18,19,5,20,-2,-9,-16,-22,-35,-34,-16,0,-20,0,0,2,7,44,38,112,107,125,128,112,66,77,-42,-28,-33,-18,0,33,0,0,0,0,-29,33,50,23,26,58,43,36,27,31,30,25,25,23,39,34,0,0,0,146,135,221,220,226,222,231,177,226,220,267,228,481,397,408,247,219,93,93,93,93,93,93,8,100,81,160,152,183,153,166,8,8,8,8,8,8,8,8,8,8,8,8,8,8,8,8,8,8,8,8,8,8,8,8,8,8,8,8,8,8,8,8,8,8,8,8,8,8,8,8,8,8,0,12,8,8,8,19,8,50,50,70,160,160,8,128,135,136,136,167,167,174,174,181,0,0,0,0,0,0,0,0,0,0,0,0]} 1. e4 c5 2. Nf3 d6 3. d4 cxd4 4. Nxd4 Nf6 5. Nc3 a6 6. Bg5 Nbd7 7. Bc4 Qb6 {B94: Sicilian Najdorf: 6 Bg5 Nbd7} 8. Bb3 e6 9. Qd2 Be7 10. O-O-O Nc5 11. f3 Qc7 12. h4 $146 ({Predecessor:} 12. g4 b5 13. h4 {0-1 (40) Papp,G (2591)-Navara,D (2733) Slovakia 2019}) 12... Bd7 13. g4 b5 14. Kb1 b4 15. Nce2 a5 16. Ng3 $1 Nxb3 17. cxb3 (17. axb3 a4 $17) 17... a4 (17... O-O $1 $14) 18. bxa4 $16 (18. Qxb4 d5 $15) 18... Bxa4 19. b3 Bd7 20. Nh5 Nxh5 21. gxh5 (21. Bxe7 $1 $16 Ng3 22. Rh3) 21... f6 $1 $15 {[%cal Rf6g5]} 22. Be3 Kf7 23. h6 gxh6 24. Rc1 Qa5 25. Bxh6 Rhg8 26. Be3 Rgc8 (26... d5 $11) 27. Rxc8 $14 Rxc8 28. Rg1 Rg8 29. Rxg8 Kxg8 30. Qg2+ Kf7 $1 31. Bh6 $40 {[%mdl 128] Qg7+ would kill now. White mounts an attack.} Bf8 32. Bxf8 Kxf8 33. Qd2 Qh5 34. Qxb4 (34. Qf4 $5 {[%cal Rf4d6]} Ke7 35. Qg3 $14) 34... Ke7 $1 35. a4 Qc5 (35... Qxh4 $11 36. Qb7 Qe1+ 37. Kc2 Qf2+ 38. Kd3 Qf1+ 39. Kc2 Qg2+ 40. Kd3 Qf1+ 41. Kc2 Qf2+ 42. Kd3 Qe1) 36. Qd2 e5 (36... Qh5 $16 {is a better defense.}) 37. Nc2 $1 $18 Be6 38. Kb2 d5 39. exd5 Bxd5 40. Qd3 Ke8 41. h5 Bf7 $2 (41... Bg8 {was called for.} 42. Qe3 Qxe3 43. Nxe3 Bf7) 42. Qxh7 Qd5 43. Qh8+ Ke7 44. Qb8 (44. b4 $1 $18 {and the rest is easy.} Qb3+ 45. Kc1) 44... Bxh5 $16 45. f4 $1 exf4 46. Qxf4 Qe5+ 47. Qd4 (47. Qxe5+ $16 fxe5 48. Kc3) 47... Bf3 (47... Qxd4+ $1 $11 {keeps the balance.} 48. Nxd4 Be8) 48. Kc3 Qxd4+ (48... Ke6 $142 49. b4 Bd1) 49. Nxd4 {[%mdl 4096] Endgame KB-KN} Be4 50. b4 Kd6 51. Nb3 $2 (51. Ne2 $18) 51... f5 $11 52. Kd4 Ba8 53. Nd2 f4 $1 54. Nc4+ Kc7 55. Ne5 Kd6 56. b5 {With the idea a5.} f3 57. Nd3 Bb7 58. a5 Bd5 59. a6 {aiming for Nf2.} Ba8 60. Nf2 {White wants to play Kc4.} Bd5 61. Ng4 {And now Nf2 would win.} Ba8 62. Kc4 Bd5+ 63. Kb4 ({Weaker is} 63. Kd4 Bc6 $18) 63... Ba8 64. Ka5 Kc7 $1 65. b6+ Kb8 66. Kb5 Kc8 67. Kc5 {Threatens to win with Nf2.} Kd7 68. Nf2 {next Nd3 is good for White.} Bc6 69. Kb4 {Black must now prevent Kc5.} Ba8 70. Kb5 Kc8 71. Nd3 Be4 72. Nf2 Ba8 73. Ng4 {Strongly threatening Nf2.} Kb8 74. Kc5 Kc8 $1 75. Kd6 {Nf2 is the strong threat.} Kb8 76. Nf2 {Hoping for Kc5.} Kc8 $1 77. Nd3 ({Better is} 77. Kc5 $14) 77... Kb8 $16 78. Ke6 $2 ({White should play} 78. Kc5 $1 $16) 78... Bb7 (78... Kc8 $1 $11) 79. a7+ ({But not} 79. axb7 $6 Kxb7 80. Kf7 Kxb6 $11) 79... Kc8 {[#]} 80. Kd6 $1 Ba8 81. Kc5 Kd7 82. Ne5+ Ke6 {[#]} 83. Nc6 $2 (83. Ng4 $1 $18) 83... f2 $11 {The position is equal.} 84. b7 {[%mdl 64] Decoy} Bxb7 85. Nd8+ {[%mdl 64] Double Attack} Kd7 86. Nxb7 f1=Q {( -> ...Qc1+)} 87. a8=Q {White threatens Qd8+ and mate.} Qc1+ 88. Kb6 Qc6+ {Accuracy: White = 58%, Black = 65%.} 1/2-1/2

[Event "V Open RGCC 2019"]
[Site "Gijon"]
[Date "2019.07.26"]
[Round "6.2"]
[White "Cruz, Cristhian"]
[Black "Valenzuela Gomez, Fernando"]
[Result "1/2-1/2"]
[WhiteElo "2562"]
[BlackElo "2394"]
[Annotator "TA"]
[PlyCount "42"]
[EventDate "2019.07.22"]
[EventType "swiss"]
[EventCountry "ESP"]
[SourceTitle "playchess.com"]
[Source "ChessBase"]
[SourceQuality "1"]

{[%evp 9,42,22,27,25,35,31,35,29,31,22,18,0,0,0,0,0,10,1,4,4,14,0,0,0,0,0,0,-2,0,-37,0,0,12,0,0]} 1. d4 d5 2. c4 e6 3. Nf3 Nf6 4. Nc3 a6 5. cxd5 exd5 6. Bg5 {D37: Queen's Gambit Declined: 5 Bf4} Be6 7. e3 Nbd7 8. Bd3 {White is slightly better.} Bd6 (8... h6 9. Bf4 g5 10. Bg3 Nh5 11. Be5 Nhf6 12. Bg3 Nh5 13. Ne2 Nxg3 14. Nxg3 {1-0 (61) Leko,P (2679)-Caruana,F (2832) Germany 2019}) 9. Bh4 (9. h3 {is interesting.} c6 10. O-O Qc7 11. Qd2 O-O 12. Bf4) 9... h6 10. Bg3 Bxg3 11. hxg3 O-O 12. Rc1 c5 $146 ({Predecessor:} 12... c6 13. O-O Re8 {1-0 (74) Checa,N (2467)-Wang,K (2371) Charlotte 2017}) 13. dxc5 Nxc5 14. Bb1 Rc8 15. Nd4 Qb6 16. Qd2 Nce4 17. Nxe4 Rxc1+ 18. Qxc1 {[#] Nxf6+ is the strong threat.} dxe4 19. Qd2 Rc8 20. O-O Bd7 21. a3 Qc5 {Accuracy: White = 69%, Black = 53%.} 1/2-1/2

[Event "V Open RGCC 2019"]
[Site "Gijon"]
[Date "2019.07.26"]
[Round "6.3"]
[White "Grigoryan, Karen H."]
[Black "Cederstam Barsk, Carl"]
[Result "1-0"]
[WhiteElo "2549"]
[BlackElo "2325"]
[Annotator "TA"]
[PlyCount "79"]
[EventDate "2019.07.22"]
[EventType "swiss"]
[EventCountry "ESP"]
[SourceTitle "playchess.com"]
[Source "ChessBase"]
[SourceQuality "1"]

{[%evp 16,79,43,32,46,48,60,56,68,45,47,31,44,47,46,23,26,31,39,16,13,16,15,13,14,17,11,12,66,66,66,70,69,66,60,53,69,57,104,104,104,104,104,104,104,104,104,104,104,104,169,164,175,148,160,156,310,292,319,319,319,319,319,219,29997,29998]} 1. Nf3 Nf6 2. g3 d5 3. Bg2 e6 4. O-O c5 5. c4 dxc4 6. Na3 Nc6 7. Nxc4 Be7 8. b3 O-O 9. Bb2 Bd7 {A13: English Opening: 1...e6} 10. d4 Qc7 (10... cxd4 11. Nxd4 Rc8 12. Nb5 a6 13. Nbd6 Rc7 14. Rc1 Qb8 15. e4 b5 16. e5 Nd5 17. Bxd5 exd5 {1-0 (31) Wei,Y (2743)-Yu,Y (2751) Shenzhen 2017}) 11. dxc5 Bxc5 {White is slightly better.} 12. Rc1 Rfd8 13. Qc2 Be8 14. Nce5 Bd6 15. Nxc6 {[#]} Bxc6 $146 ({Predecessor:} 15... Qxc6 16. Bxf6 Qxc2 17. Rxc2 gxf6 {0-1 (36) Glud,J (2441)-Bauer,C (2583) Cala Mayor 2008}) 16. Qb1 Qa5 17. Rxc6 bxc6 18. Nd4 Qa6 19. Nxc6 Rdc8 20. Bxf6 gxf6 21. Qc2 Rc7 ({Better is} 21... Qb6 $11) 22. Rd1 $1 $14 {[%cal Rd1d6][%mdl 1024] White has compensation.} Rd8 23. Rd4 {Threatens to win with Qd2.} Kf8 24. b4 Qb6 {aiming for ...Rxc6!} 25. e3 f5 26. a4 $1 Be7 {White should prevent ...Rxd4.} 27. Rxd8+ Bxd8 {[#]} 28. Qc3 $1 $36 {[%cal Rc3h8][%mdl 2048] Black is under strong pressure.} Kg8 {[#]} 29. Qd3 $1 {[%cal Rd3d8]} Rxc6 30. Bxc6 Be7 31. b5 Qd8 32. Qc3 Qd1+ (32... Bf6 $16 {might work better.} 33. Qc4 Kg7) 33. Kg2 $18 Qxa4 {[#]} 34. b6 $1 {[%cal Rb6b7][%mdl 512]} Qa6 (34... axb6 35. Bxa4) 35. b7 Qb6 $2 (35... Bd6 $16 {was worth a try.} 36. Bf3 Qb6) 36. e4 {Strongly threatening Qe5.} Bd6 37. exf5 exf5 {[#]} 38. Bd5 $1 {[%mdl 512] Threatening mate with Qf6!} Qc7 39. Qf6 f4 $2 {[#]} (39... Qd7 $18 40. Qg5+ Kf8) 40. b8=Q+ $1 {[%mdl 512] Accuracy: White = 81%, Black = 55%.} 1-0

[Event "V Open RGCC 2019"]
[Site "Gijon"]
[Date "2019.07.26"]
[Round "6.4"]
[White "Veiga, Jose Francisco R P N"]
[Black "Martinez Duany, Lelys Stanley"]
[Result "1/2-1/2"]
[WhiteElo "2357"]
[BlackElo "2535"]
[Annotator "TA"]
[PlyCount "67"]
[EventDate "2019.07.22"]
[EventType "swiss"]
[EventCountry "ESP"]
[SourceTitle "playchess.com"]
[Source "ChessBase"]
[SourceQuality "1"]

{[%evp 11,67,45,42,23,35,27,23,29,35,36,28,14,8,14,20,11,18,-79,-69,-67,-9,-41,-45,-38,-37,-48,-35,-52,-5,-12,0,-24,-21,-18,-8,-6,-5,-6,-12,-25,0,0,0,0,0,0,0,0,0,0,0,0,0,0,0,0,0,0]} 1. e4 e5 2. Nf3 Nc6 3. Bb5 Nf6 4. d3 d6 5. c3 Bd7 6. O-O g6 7. Re1 {C65: Ruy Lopez: Berlin Defence (3...Nf6), unusual lines and 4 0-0 Bc5} Bg7 8. a3 $146 ({Predecessor:} 8. Nbd2 O-O 9. Ba4 Nh5 10. Nf1 Kh8 11. h3 f5 12. exf5 gxf5 13. d4 e4 14. Ng5 Nf6 15. d5 Ne5 16. Bxd7 Qxd7 {1-0 (42) Caruana,F (2804)-Kramnik,V (2812) Paris 2016}) 8... O-O 9. Bc4 {White has an edge.} h6 10. b4 Kh7 11. Nbd2 Nh5 12. Nf1 f5 13. exf5 Bxf5 14. Qb3 (14. Ne3 $11) 14... Bg4 $17 15. Bd5 Nf6 ({Black should play} 15... Qd7 $15) 16. h3 (16. Ne3 {feels hotter.} Nxd5 17. Nxg4 Nce7 18. c4 Qd7 19. cxd5 Qxg4 20. Re4) 16... Nxd5 17. hxg4 {[#]} Nxc3 $1 {[%mdl 512]} 18. Bxh6 ({Wrong is} 18. Qxc3 $2 {[#]} e4 $1 $19 {[%mdl 512]}) 18... Rxf3 19. Qxc3 Rf7 20. Be3 Qh4 21. Qc4 (21. Qb3 $5 {[%cal Rb3f7]} Raf8 22. b5 $15) 21... Raf8 {[%cal Rf7f2]} 22. Ng3 Nd4 {With the idea ...c6.} 23. Ne4 $1 {[%cal Re4g5] And now Ng5+ would win.} Kh8 24. Bxd4 exd4 25. Qe6 $1 Rxf2 26. Nxf2 {The position is equal.} Qxf2+ 27. Kh1 Qh4+ 28. Kg1 Bh6 {Threatens to win with ...Bf4.} 29. Qxg6 {Strongly threatening Qh5.} Be3+ 30. Rxe3 {White wants to mate with Rh3!} Qf2+ 31. Kh2 {Rh3+ would kill now.} Qxe3 {[#]} 32. Re1 $1 {[%mdl 512]} Qxe1 33. Qh6+ {[%mdl 64] Double Attack} Kg8 34. Qg6+ {Accuracy: White = 47%, Black = 58%.} 1/2-1/2

[Event "V Open RGCC 2019"]
[Site "Gijon"]
[Date "2019.07.26"]
[Round "6.5"]
[White "Navrotescu, Catalin"]
[Black "Del Rio De Angelis, Salvador G."]
[Result "1/2-1/2"]
[WhiteElo "2356"]
[BlackElo "2464"]
[Annotator "TA"]
[PlyCount "59"]
[EventDate "2019.07.22"]
[EventType "swiss"]
[EventCountry "ESP"]
[SourceTitle "playchess.com"]
[Source "ChessBase"]
[SourceQuality "1"]

{[%evp 20,59,0,1,0,0,0,0,0,0,0,0,0,0,0,0,0,0,0,-9,0,0,35,40,41,31,37,33,33,38,76,33,37,31,33,26,41,33,40,27,33,16]} 1. Nf3 c5 2. g3 Nc6 3. Bg2 e5 4. O-O d5 5. c4 d4 6. d3 Nf6 7. e3 Be7 8. exd4 exd4 9. Bf4 O-O 10. Ne5 Nxe5 11. Bxe5 Bd6 {A09: Réti Opening: 1 Nf3 d5 2 c4} (11... Ng4 12. Re1 Nxe5 13. Rxe5 Bd6 14. Re1 Bf5 15. Qc2 Qd7 16. Nd2 Rae8 17. Ne4 b6 18. f4 Re7 19. Qf2 Rfe8 {½-½ (37) Caruana,F (2823)-Anand,V (2779) Saint Louis 2016}) 12. Bxf6 Qxf6 13. Nd2 Qg6 {The position is equal.} 14. Re1 Rb8 15. Ne4 Be7 $146 ({Predecessor:} 15... Bd7 16. Nxd6 Qxd6 17. Qh5 Rfe8 18. Bd5 Re7 19. Re4 {0-1 (34) Konietzka,L (2125)-Stoeckmann,H (2240) Senden 1998}) 16. f4 Bd7 17. Qf3 Rfe8 18. Qf2 b5 19. cxb5 Rxb5 20. Rac1 Rc8 21. Nd2 Bf8 22. Nc4 Be6 23. Be4 Qf6 24. Qg2 Bxc4 25. Rxc4 {[#] aiming for Qh3!} Rbb8 26. Re2 g6 27. Qf3 Re8 28. Kg2 Qd6 29. Rcc2 Re7 30. f5 {Accuracy: White = 74%, Black = 68%.} 1/2-1/2

[Event "V Open RGCC 2019"]
[Site "Gijon"]
[Date "2019.07.26"]
[Round "6.6"]
[White "Domingo Nunez, Ruben"]
[Black "Campora, Daniel H."]
[Result "1-0"]
[WhiteElo "2318"]
[BlackElo "2420"]
[Annotator "TA"]
[PlyCount "94"]
[EventDate "2019.07.22"]
[EventType "swiss"]
[EventCountry "ESP"]
[SourceTitle "playchess.com"]
[Source "ChessBase"]
[SourceQuality "1"]

{[%evp 15,94,17,24,3,11,9,20,19,39,42,40,45,47,41,42,40,54,30,58,42,72,81,101,22,56,38,105,77,111,0,14,0,18,0,29,39,43,36,34,17,35,11,62,10,10,14,62,13,25,12,5,8,35,0,21,10,9,20,16,9,25,0,0,0,0,0,0,0,0,0,0,0,0,0,0,0,0,0,0,0,0]} 1. e4 e5 2. Nf3 Nc6 3. Bc4 Be7 4. O-O Nf6 5. d3 O-O 6. Re1 d6 7. a4 Be6 8. a5 a6 9. c3 {C55: Two Knights: 4 d3, 4 d4 exd4 5 e5 and Max Lange Attack} (9. Nc3 Qd7 10. h3 Rfe8 11. Ng5 Bxc4 12. dxc4 Bf8 13. Nf3 h6 14. Nd5 Qd8 15. b3 g6 16. Nh2 Nxd5 17. cxd5 {½-½ (36) Xu,Y (2534)-Wang,H (2710) Tianjin 2018}) 9... Bxc4 $146 ({Predecessor:} 9... h6 10. h3 Nh7 11. Be3 Rb8 12. Qb3 Bxc4 13. dxc4 Ng5 {0-1 (68) Azarov,S (2572)-Popovic,D (2471) playchess.com INT 2005}) 10. dxc4 h6 11. Nbd2 Nh7 12. Nf1 Bg5 13. Nxg5 Nxg5 14. Bxg5 Qxg5 15. Ne3 Kh7 16. Qd5 g6 17. b4 {[%cal Bb2b4,Bb4b5][%mdl 32]} f5 18. b5 Nd8 19. Nc2 (19. exf5 $16 gxf5 20. b6) 19... Qf6 20. Nb4 {Strongly threatening bxa6.} Rc8 (20... fxe4 $14 21. Re2 Rb8) 21. bxa6 bxa6 22. c5 ({Better is} 22. exf5 $16 Qxf5 23. f3) 22... fxe4 23. Ra2 Ne6 24. cxd6 cxd6 (24... Nf4 {keeps more tension.} 25. Qxe4 cxd6 26. Nd5 Nxd5 27. Qxd5 Rc5) 25. Qxd6 Nc5 26. Qxf6 Rxf6 27. Rd2 Kg7 28. Red1 Kf7 (28... Nb3 $11 29. Rd7+ Rf7) 29. Rd8 (29. h4 $14) 29... Rxd8 $11 30. Rxd8 {[%mdl 4096] Endgame KRN-KRN} Ke7 31. Rc8 (31. Rd5 $5 {[%cal Rd5c5]} Nd3 32. Nxd3 exd3 33. Rxe5+ (33. Rxd3 Rc6 $11) 33... Kd6 34. Re3 $16) 31... Rd6 {[%cal Rd6d1] [#]} 32. Kf1 Nb3 $1 33. Ke2 Kd7 34. Rc4 Nxa5 35. Rxe4 Nb3 $1 36. Rxe5 a5 {[%cal Ba6a5,Ba5a4,Ba4a3,Ba3a2][%mdl 32]} 37. Nd3 a4 38. Nc5+ (38. Nb4 {looks sharper.} a3 39. Rb5 Kc7 40. Ke1 g5 41. h3) 38... Nxc5 {The position is equal.} 39. Rxc5 {KR-KR} Ra6 40. Rb5 a3 41. Rb1 Kc6 {And now ...Rb6 would win.} 42. Kd3 Kc5 (42... a2 $5 43. Ra1 $8 Kc5 $11) 43. f4 h5 44. g3 a2 45. Ra1 Ra8 46. h3 Ra6 47. g4 Kd5 {[%mdl 32768] Accuracy: White = 52%, Black = 43%. . Sensor Board Error (Ke4/e5)?} 1-0